000 00437nam a2200157 i 4500
001 100387
003 ES-MaACL
005 20230906182650.0
007 t|
008 050928s1961 sp ||||1| cat d
100 1 _aMas, Joan.
_978615
245 1 3 _aEl món per un forat tragico media en tres actes /
_cJoan Mas.
260 _aPalma de Mallorca :
_bMoll,
_c1961.
300 _a168 p. ;
_c16 cm.
852 _aES-MaACL
_jC-20244
_bR.48381
999 _c100387
_d100387